[Event "Belt Road Women 2019"]
[Site "Shaoxing"]
[Date "2019.07.12"]
[Round "5.7"]
[White "Harika, Dronavalli"]
[Black "Li, Xueyi"]
[Result "1/2-1/2"]
[WhiteElo "2492"]
[BlackElo "2330"]
[Annotator "RC"]
[PlyCount "53"]
[EventDate "2019.07.08"]
[EventType "swiss"]
[EventCountry "CHN"]
[SourceTitle "playchess.com"]
[Source "ChessBase"]
[SourceQuality "1"]
[TimeControl "5400+30"]

1. e4 {[%emt 0:00:00]} c6 {[%emt 0:00:00]} 2. Nc3 {[%emt 0:00:09]} d5 {[%emt 0:00:00]} 3. Nf3 {[%emt 0:00:08]} Nf6 {[%emt 0:00:07]} 4. e5 {[%emt 0:00:32]} Ne4 {[%emt 0:00:11]} 5. Ne2 {[%emt 0:00:32]} Qb6 {[%emt 0:00:09]} 6. d4 {[%emt 0:00:12]} e6 {[%emt 0:00:08]} 7. Ng3 {[%emt 0:00:58]} c5 {[%emt 0:00:34]} 8. Bd3 {[%emt 0:00:16]} Nxg3 {[%emt 0:01:00]} 9. fxg3 {[%emt 0:00:57]} h6 {[%emt 0:08:18]} 10. O-O {[%emt 0:02:48]} Nc6 11. a3 {[%emt 0:04:59]} Bd7 {[%emt 0:03:00]} 12. Kh1 {[%emt 0:02:48]} cxd4 {[%emt 0:12:25]} 13. b4 {[%emt 0:02:38]} a6 {[%emt 0:02:37]} 14. g4 {[%emt 0:04:07]} g6 {[%emt 0:02:56]} 15. Qe2 {[%emt 0:20:25]} Bg7 {[%emt 0:01:40]} 16. Bf4 {[%emt 0:01:24]} Nd8 {[%emt 0:09:40]} 17. Rfd1 {[%emt 0:00:30]} Bb5 {[%emt 0:00:30]} 18. Bxb5+ {[%emt 0:00:30]} Qxb5 {[%emt 0:00:30]} 19. Qxb5+ {[%emt 0:00:30]} axb5 {[%emt 0:00:30]} 20. Nxd4 {[%emt 0:08:17]} Nc6 {[%emt 0:05:00]} 21. Nxb5 {[%emt 0:00:48]} O-O {[%emt 0:01:01]} 22. Re1 {[%emt 0:00:30]} Rfc8 {[%emt 0:00:30]} 23. Rac1 {[%emt 0:00:30]} Na7 {[%emt 0:00:30]} 24. Nd6 {[%emt 0:00:30]} Rc3 {[%emt 0:00:30]} 25. a4 {[%emt 0:00:30]} Nc6 {[%emt 0:00:30]} 26. a5 {[%emt 0:00:30]} g5 {[%emt 0:00:30]} 27. Bd2 {[%emt 0:19:35]} 1/2-1/2

[Event "Belt Road Women 2019"]
[Site "Shaoxing"]
[Date "2019.07.12"]
[Round "5.8"]
[White "Soumya, Swaminathan"]
[Black "Girya, Olga"]
[Result "0-1"]
[WhiteElo "2402"]
[BlackElo "2457"]
[Annotator "RC"]
[PlyCount "80"]
[EventDate "2019.07.08"]
[EventType "swiss"]
[EventCountry "CHN"]
[SourceTitle "playchess.com"]
[Source "ChessBase"]
[SourceQuality "1"]
[TimeControl "5400+30"]

1. e4 {[%emt 0:00:00]} c6 {[%emt 0:00:12]} 2. Nf3 {[%emt 0:00:07]} d5 {[%emt 0:00:30]} 3. Nc3 {[%emt 0:00:05]} dxe4 {[%emt 0:01:43]} 4. Nxe4 {[%emt 0:00:07]} Nf6 {[%emt 0:00:05]} 5. Nxf6+ {[%emt 0:05:27]} exf6 {[%emt 0:00:10]} 6. d4 {[%emt 0:00:18]} Bd6 {[%emt 0:00:08]} 7. h3 {[%emt 0:04:09]} O-O {[%emt 0:00:37]} 8. Be2 {[%emt 0:00:17]} Re8 {[%emt 0:02:56]} 9. O-O {[%emt 0:03:34]} Nd7 {[%emt 0:00:04]} 10. Be3 {[%emt 0:01:33]} Nf8 {[%emt 0:02:19]} 11. c4 {[%emt 0:05:31]} Ng6 {[%emt 0:02:37]} 12. Re1 {[%emt 0:00:59]} Be6 {[%emt 0:08:15]} 13. Qd2 {[%emt 0:11:13]} Qd7 {[%emt 0:03:29]} 14. Bf1 {[%emt 0:00:05]} Rad8 {[%emt 0:00:40]} 15. Rad1 {[%emt 0:02:41]} Bb8 {[%emt 0:07:37]} 16. Qc1 {[%emt 0:20:06]} Qc7 {[%emt 0:02:05]} 17. Bd3 {[%emt 0:00:14]} Qc8 {[%emt 0:05:00]} 18. Bf1 {[%emt 0:01:36]} Qc7 {[%emt 0:01:39]} 19. Bd3 {[%emt 0:00:05]} Nf4 {[%emt 0:15:32]} 20. Bxf4 {[%emt 0:03:43]} Qxf4 {[%emt 0:01:49]} 21. Qxf4 {[%emt 0:00:20]} Bxf4 {[%emt 0:00:02]} 22. b4 {[%emt 0:04:03]} Kf8 {[%emt 0:01:29]} 23. a4 {[%emt 0:03:03]} h5 {[%emt 0:03:29]} 24. Re4 {[%emt 0:20:37]} g5 {[%emt 0:05:55]} 25. Rde1 {[%emt 0:03:06]} f5 {[%emt 0:07:15]} 26. Rxf4 {[%emt 0:04:52]} gxf4 {[%emt 0:00:05]} 27. Rb1 {[%emt 0:01:22]} Kg7 {[%emt 0:05:12]} 28. b5 {[%emt 0:01:19]} Kf6 {[%emt 0:01:36]} 29. a5 {[%emt 0:01:14]} Re7 {[%emt 0:04:20]} 30. Bf1 {[%emt 0:01:02]} Rc7 {[%emt 0:02:37]} 31. bxc6 {[%emt 0:01:07]} bxc6 {[%emt 0:00:13]} 32. Bd3 {[%emt 0:01:32]} c5 {[%emt 0:04:39]} 33. d5 {[%emt 0:00:06]} Bc8 {[%emt 0:00:03]} 34. Rb8 {[%emt 0:00:35]} Rb7 {[%emt 0:00:31]} 35. Ra8 {[%emt 0:00:04]} Rbd7 {[%emt 0:00:58]} 36. Nh4 {[%emt 0:00:53]} Ba6 {[%emt 0:00:10]} 37. Rxd8 {[%emt 0:00:52]} Rxd8 {[%emt 0:00:01]} 38. Nxf5 {[%emt 0:00:26]} Bxc4 {[%emt 0:00:14]} 39. Bxc4 {[%emt 0:00:04]} Kxf5 {[%emt 0:00:04]} 40. f3 {[%emt 0:00:22]} Ke5 {[%emt 0:00:14]} 0-1

[Event "Belt Road Women 2019"]
[Site "Shaoxing"]
[Date "2019.07.12"]
[Round "5.9"]
[White "Ni, Shiqun"]
[Black "Pratyusha, Bodda"]
[Result "1/2-1/2"]
[WhiteElo "2407"]
[BlackElo "2265"]
[Annotator "TA"]
[PlyCount "44"]
[EventDate "2019.07.08"]
[EventType "swiss"]
[EventCountry "CHN"]
[SourceTitle "playchess.com"]
[Source "ChessBase"]
[SourceQuality "1"]

{[%evp 9,44,18,22,14,17,20,35,24,23,26,20,33,47,18,24,25,27,0,0,0,59,67,54,50,83,81,93,60,83,118,131,135,127,-26,0,-8,0]} 1. e4 c5 2. Nf3 d6 3. Bb5+ Nd7 4. O-O a6 5. Bd3 Ngf6 6. Re1 {B51: Sicilian: Moscow Variation (3 Bb5+) without 3...Bd7} g6 (6... e6 7. a4 b6 8. c3 Bb7 9. Qe2 Qc7 10. Na3 Be7 11. Bb1 e5 12. d4 cxd4 13. cxd4 exd4 14. Nxd4 {½-½ (42) Jakovenko,D (2719)-Ding,L (2809) Shenzhen 2019}) 7. c3 b5 $146 ({Predecessor:} 7... Bg7 8. Bc2 O-O 9. d4 cxd4 10. cxd4 b5 11. a4 {0-1 (61) Roshka,Y (2328)-Livaic,L (2481) Porto Carras 2018}) 8. Bc2 {White is slightly better.} Bg7 9. d4 cxd4 10. cxd4 Bb7 11. a4 O-O 12. Bd2 Qc7 13. b4 {[%cal Bb2b4,Bb4a5][%mdl 32]} Rfc8 14. Bd3 Qb6 (14... Nb6 $11) 15. axb5 $14 axb5 16. Ra5 Rxa5 17. bxa5 Qa7 18. Na3 Qa8 {[%cal Rf6e4]} 19. Qe2 ({Much worse is} 19. Nxb5 Bxe4 20. Bf1 Bf8 $11) 19... d5 {[%cal Rd5e4]} 20. e5 Ne4 21. Bc1 $2 {[#]} (21. Rb1 $16) 21... Nb8 22. Nxb5 Nc6 {Accuracy: White = 61%, Black = 69%.} 1/2-1/2

[Event "Belt Road Women 2019"]
[Site "Shaoxing"]
[Date "2019.07.12"]
[Round "5.10"]
[White "Song, Yuxin"]
[Black "Khademalsharieh, Sarasadat"]
[Result "0-1"]
[WhiteElo "2277"]
[BlackElo "2481"]
[Annotator "TA"]
[PlyCount "98"]
[EventDate "2019.07.08"]
[EventType "swiss"]
[EventCountry "CHN"]
[SourceTitle "playchess.com"]
[Source "ChessBase"]
[SourceQuality "1"]

{[%evp 22,106,5,10,14,7,27,0,0,0,0,0,0,-4,0,0,22,-14,-29,-30,-31,-23,-13,-47,-30,-72,-65,-57,-40,-47,-43,-108,-100,-264,-260,-266,-237,-259,-235,-456,-453,-435,-433,-572,-552,-545,-515,-879,-901,-997,-975,-958,-887,-907,-779,-3458,-2562,-2409,-2117,-5606,-5143,-5535,-5206,-2275,-2002,-29983,-29984,-29984,-29985,-29985,-29986,-29989,-29990,-29990,-29991,-29991,-29992,-29992,-29993,-29993,-29994,-29994,-29995,-29995,-29996,-29996,-29997]} 1. e4 e5 2. Nf3 Nc6 3. Nc3 Nf6 4. d4 exd4 5. Nxd4 Bb4 6. Nxc6 bxc6 7. Bd3 d5 8. exd5 cxd5 9. O-O O-O 10. Bg5 Be6 11. Qf3 Be7 12. h3 h6 {C47: Scotch Four Knights and Four Knights with 4 g3} 13. Bf4 (13. Bh4 Rb8 14. b3 c6 15. Rad1 Re8 16. Ne2 Rb4 17. c4 Qc8 18. Nd4 dxc4 19. bxc4 Bxc4 20. Bxc4 Rxc4 {1-0 (29) Khamrakulov,D (2489)-Sadorra,J (2555) Greensboro 2018}) 13... Bd6 14. Bxd6 Qxd6 {The position is equal.} 15. b3 Rab8 16. Ne2 c5 17. Rfd1 $146 ({Predecessor:} 17. Nf4 Rfe8 18. Rad1 d4 19. c3 Bd7 20. cxd4 cxd4 {½-½ (41) Wernberg,H (1994)-Lindgren,P (2379) Vaxjo 2019}) 17... Rfe8 18. Nf4 Qc7 19. c4 {[%cal Rc4d5]} d4 $1 20. Re1 Bd7 21. Nd5 Nxd5 22. Qxd5 Qc6 23. Qxc6 Bxc6 24. f3 g5 25. Kf2 Kg7 26. Rxe8 (26. h4 $15) 26... Rxe8 $17 27. Re1 $2 (27. Rh1 $17 {is a better defense.}) 27... Rxe1 $19 28. Kxe1 {[%mdl 4096] Endgame KB-KB} Kf6 29. Kf2 {[#]} h5 $1 30. Bb1 $2 (30. f4) 30... h4 31. Bd3 Ke5 32. Bb1 Kf4 33. Bd3 a5 34. a3 (34. Bb1 $142 Bd7 35. Be4) 34... f5 35. Be2 Bd7 36. Bd3 Be6 37. Ke2 g4 38. hxg4 fxg4 39. fxg4 Bxg4+ 40. Kd2 Bd7 41. Ke2 Bc6 42. Kf2 Be4 43. Bxe4 Kxe4 {KP-KP. Black mates.} 44. Ke2 {[#]} d3+ $1 45. Kd2 Kd4 46. b4 cxb4 47. axb4 axb4 {K3P-KPP} 48. c5 b3 49. c6 b2 0-1

[Event "Belt Road Women 2019"]
[Site "Shaoxing"]
[Date "2019.07.12"]
[Round "5.11"]
[White "Hu, Yu A."]
[Black "Batsiashvili, Nino"]
[Result "1/2-1/2"]
[WhiteElo "2095"]
[BlackElo "2433"]
[Annotator "TA"]
[PlyCount "120"]
[EventDate "2019.07.08"]
[EventType "swiss"]
[EventCountry "CHN"]
[SourceTitle "playchess.com"]
[Source "ChessBase"]
[SourceQuality "1"]

{[%evp 14,119,21,24,33,22,46,25,54,12,0,-18,-37,-34,-22,-46,-37,-42,-39,-70,-64,-75,-28,-79,-70,-96,-68,-62,-39,-35,-8,-14,-10,-105,-69,-74,-68,-62,-44,-215,-215,-257,-242,-239,-227,-209,-166,-148,-38,-56,-43,-56,-38,-38,-35,-26,-24,-66,-53,-53,-53,-53,-53,-53,-53,-53,-53,-59,-60,-60,-3,-5,-7,-61,-61,-62,0,0,0,0,0,0,0,0,0,0,0,0,0,0,0,0,0,0,0,0,0,0,0,0,0,0,0,0,0,0,0,0]} 1. e4 c6 2. d4 d5 3. Nd2 dxe4 4. Nxe4 Nf6 5. Nxf6+ exf6 6. c3 Bd6 7. Bd3 O-O 8. Qc2 Re8+ {B15: Caro-Kann: 3 Nc3: 3...g6 and 3...dxe4 4 Nxe4 Nf6 5 Nxf6+ exf6} 9. Ne2 (9. Be3 h6 10. Ne2 Na6 11. O-O Nc7 12. c4 Bg4 13. h3 Bxe2 14. Bxe2 Ne6 15. Rad1 Qc7 16. Bg4 Rad8 17. Rfe1 Bf4 18. Bxf4 Nxf4 19. Rxe8+ Rxe8 {½-½ (58) Svidler,P (2756)-Carlsen,M (2839) Porto Carras 2018}) 9... h5 10. Bd2 Nd7 {White has an edge.} 11. O-O-O Nf8 12. Ng3 g6 13. Ne4 Be7 14. h4 $146 ({Predecessor:} 14. h3 f5 15. Ng5 Bxg5 16. f4 {0-1 (38) Sousa,H (2153)-Elsness,F (2481) Drammen 2018}) 14... Be6 15. Kb1 b5 16. Bh6 Qd5 17. b3 f5 18. Ng3 (18. Ng5 $11) 18... a5 19. Ne2 a4 {[%cal Ra4b3]} (19... Qxg2 $2 20. Nf4 $18) 20. b4 Bd6 ({Don't go for} 20... Qxg2 $2 21. Nf4 $18) 21. f3 Ra7 22. Rde1 Nh7 23. g4 (23. Nf4 $11 {remains equal.} Bxf4 24. Bxf4) 23... hxg4 24. fxg4 fxg4 {[#] And now ...Rae7 would win.} 25. h5 $1 {[%mdl 512]} Bf5 $1 (25... gxh5 26. c4) 26. hxg6 $2 (26. Nf4 $15 Rxe1+ 27. Rxe1 Bxd3 28. Qxd3) 26... fxg6 $19 27. Nf4 Rxe1+ 28. Rxe1 {[#]} Bxf4 $1 29. Bxf4 Bxd3 30. Qxd3 {[#]} Qf5 ({Black should try} 30... Nf8 $1 $17 31. Bg3 Qf5) 31. Qxf5 $1 $15 gxf5 {[%mdl 4096] Endgame KRB-KRN} 32. Re6 Rg7 {aiming for ...g3.} (32... Kf7 $5 {[%cal Rf7e6]} 33. Rxc6 Re7 $11) 33. Rxc6 Nf8 34. Rc8 Rg6 35. Rc5 Ne6 36. Rxf5 Nxf4 37. Rxf4 {KR-KR} g3 {( -> ...g2)} 38. Rf1 g2 39. Rg1 Kf7 {Hoping for ...Ke6.} 40. c4 bxc4 41. b5 Ke6 ({Better is} 41... Ke7 $1 $15 42. Kc2 Rg3) 42. b6 $11 Kd6 43. Kc2 (43. Kb2 $1 $11) 43... Rg3 $1 $15 44. d5 $1 a3 (44... c3 $1 $15) 45. Kd2 $1 $11 {The position is equal.} Rg7 (45... Kd7 $5) 46. Kc3 $1 Kc5 {[#] White must now prevent ...Rg3+.} 47. b7 $1 {[%cal Rb7b8][%mdl 512]} Rxb7 48. Rxg2 Rf7 49. Rd2 Rf1 50. d6 Rc1+ 51. Rc2 Rd1 {[%csl Gc4][%cal Rd1d3]} 52. Rd2 Rxd2 53. Kxd2 {Threatening mate with d7.} Kxd6 {KPP-KP} 54. Kc3 Kc5 55. Kc2 Kd4 {Strongly threatening ...Kc5.} 56. Kd2 c3+ 57. Kc2 Kc4 58. Kc1 Kd3 59. Kd1 c2+ 60. Kc1 Kc3 {Accuracy: White = 51%, Black = 66%.} 1/2-1/2

[Event "Belt Road Women 2019"]
[Site "Shaoxing"]
[Date "2019.07.12"]
[Round "5.12"]
[White "Gu, Tianlu"]
[Black "Pujari, Rucha"]
[Result "1-0"]
[WhiteElo "2205"]
[BlackElo "2268"]
[Annotator "ChessBase"]
[PlyCount "67"]
[EventDate "2019.07.08"]
[EventType "swiss"]
[EventCountry "CHN"]
[SourceTitle "playchess.com"]
[Source "ChessBase"]
[SourceQuality "1"]
[TimeControl "5400+30"]

1. e4 {[%emt 0:00:00]} e5 {[%emt 0:02:11]} 2. Nf3 {[%emt 0:00:19]} Nc6 {[%emt 0:00:15]} 3. Bc4 {[%emt 0:00:14]} Nf6 {[%emt 0:00:36]} 4. d3 {[%emt 0:00:46]} Be7 {[%emt 0:00:23]} 5. O-O {[%emt 0:00:11]} O-O {[%emt 0:00:22]} 6. Re1 {[%emt 0:00:11]} d6 {[%emt 0:00:27]} 7. a3 {[%emt 0:00:35]} Be6 {[%emt 0:09:32]} 8. Nbd2 {[%emt 0:00:28]} Qd7 {[%emt 0:00:56]} 9. c3 {[%emt 0:02:31]} Rae8 {[%emt 0:04:30]} 10. Bb5 {[%emt 0:02:54]} a6 {[%emt 0:01:44]} 11. Ba4 {[%emt 0:00:24]} b5 {[%emt 0:01:23]} 12. Bc2 {[%emt 0:00:06]} h6 {[%emt 0:05:22]} 13. Nf1 {[%emt 0:02:04]} d5 {[%emt 0:01:59]} 14. exd5 {[%emt 0:01:07]} Qxd5 {[%emt 0:04:51]} 15. b4 {[%emt 0:05:36]} Nd7 {[%emt 0:10:46]} 16. d4 {[%emt 0:16:59]} exd4 {[%emt 0:04:17]} 17. Be4 {[%emt 0:01:45]} Qd6 {[%emt 0:01:16]} 18. Bf4 {[%emt 0:01:48]} Qxf4 {[%emt 0:00:47]} 19. Bxc6 {[%emt 0:00:05]} dxc3 {[%emt 0:24:58]} 20. Rxe6 {[%emt 0:01:58]} fxe6 {[%emt 0:00:48]} 21. Bxd7 {[%emt 0:00:28]} Rd8 {[%emt 0:00:37]} 22. Bxe6+ {[%emt 0:01:54]} Kh8 {[%emt 0:00:31]} 23. Qc2 {[%emt 0:01:49]} c5 {[%emt 0:06:04]} 24. Re1 {[%emt 0:02:49]} Rf6 {[%emt 0:01:55]} 25. Ba2 {[%emt 0:06:23]} cxb4 {[%emt 0:09:35]} 26. Bb1 {[%emt 0:04:50]} g6 {[%emt 0:02:15]} 27. Rxe7 {[%emt 0:00:16]} a5 {[%emt 0:01:03]} 28. axb4 {[%emt 0:02:57]} axb4 {[%emt 0:00:51]} 29. Ne5 {[%emt 0:00:35]} Rdd6 {[%emt 0:01:47]} 30. g3 {[%emt 0:01:52]} b3 {[%emt 0:02:21]} 31. Nxg6+ {[%emt 0:03:06]} Rxg6 {[%emt 0:00:21]} 32. Qxc3+ {[%emt 0:00:05]} Qf6 {[%emt 0:00:43]} 33. Qc8+ {[%emt 0:00:11]} Rg8 {[%emt 0:00:12]} 34. Rh7# {[%emt 0:00:06]} 1-0

[Event "Belt Road Women 2019"]
[Site "Shaoxing"]
[Date "2019.07.12"]
[Round "5.13"]
[White "Zhang, Xiao"]
[Black "Bai, Xue"]
[Result "0-1"]
[WhiteElo "2259"]
[BlackElo "2029"]
[Annotator "ChessBase"]
[PlyCount "88"]
[EventDate "2019.07.08"]
[EventType "swiss"]
[EventCountry "CHN"]
[SourceTitle "playchess.com"]
[Source "ChessBase"]
[SourceQuality "1"]
[TimeControl "5400+30"]

1. d4 {[%emt 0:00:00]} Nf6 {[%emt 0:00:00]} 2. c4 {[%emt 0:00:00]} e6 {[%emt 0:00:00]} 3. g3 {[%emt 0:00:00]} d5 {[%emt 0:00:00]} 4. Bg2 {[%emt 0:00:00]} dxc4 {[%emt 0:02:01]} 5. Nf3 {[%emt 0:04:29]} c5 {[%emt 0:00:08]} 6. O-O {[%emt 0:00:55]} Nc6 {[%emt 0:00:07]} 7. Qa4 {[%emt 0:00:44]} Bd7 {[%emt 0:00:32]} 8. Qxc4 {[%emt 0:00:08]} b5 {[%emt 0:05:13]} 9. Qd3 {[%emt 0:00:58]} c4 {[%emt 0:00:14]} 10. Qd1 {[%emt 0:00:27]} Rc8 {[%emt 0:02:23]} 11. Bg5 {[%emt 0:00:26]} h6 {[%emt 0:02:10]} 12. Bxf6 {[%emt 0:00:07]} Qxf6 {[%emt 0:00:07]} 13. e4 {[%emt 0:00:43]} Bb4 {[%emt 0:00:33]} 14. a4 {[%emt 0:12:20]} bxa4 {[%emt 0:03:56]} 15. Rxa4 {[%emt 0:03:15]} a5 {[%emt 0:00:06]} 16. Nc3 {[%emt 0:02:23]} O-O {[%emt 0:02:13]} 17. Ra1 {[%emt 0:02:00]} Rfd8 {[%emt 0:01:23]} 18. e5 {[%emt 0:00:52]} Qe7 {[%emt 0:00:13]} 19. Qe2 {[%emt 0:02:07]} Na7 {[%emt 0:02:25]} 20. d5 {[%emt 0:04:15]} exd5 {[%emt 0:00:50]} 21. Nxd5 {[%emt 0:00:05]} Qc5 {[%emt 0:00:12]} 22. Rfd1 {[%emt 0:07:55]} Nb5 {[%emt 0:20:30]} 23. Rac1 {[%emt 0:02:34]} Be6 {[%emt 0:03:59]} 24. Nf4 {[%emt 0:08:44]} c3 {[%emt 0:09:06]} 25. Nxe6 {[%emt 0:03:22]} fxe6 {[%emt 0:00:06]} 26. Qc2 {[%emt 0:02:18]} cxb2 {[%emt 0:05:43]} 27. Qxb2 {[%emt 0:00:20]} Nc3 {[%emt 0:00:08]} 28. Rxd8+ {[%emt 0:04:47]} Rxd8 {[%emt 0:00:06]} 29. Ra1 {[%emt 0:00:30]} Qc4 {[%emt 0:06:16]} 30. h4 {[%emt 0:03:11]} a4 {[%emt 0:09:07]} 31. Bh3 {[%emt 0:05:20]} Kf7 {[%emt 0:02:43]} 32. Bf1 {[%emt 0:00:38]} Qe4 {[%emt 0:05:09]} 33. Re1 {[%emt 0:02:05]} a3 {[%emt 0:00:49]} 34. Qb3 {[%emt 0:02:42]} Qxf3 {[%emt 0:01:57]} 35. Qxb4 {[%emt 0:00:43]} Rd2 {[%emt 0:01:36]} 36. Qb6 {[%emt 0:01:20]} a2 {[%emt 0:08:08]} 37. Bc4 {[%emt 0:02:36]} Ne2+ {[%emt 0:00:32]} 38. Bxe2 {[%emt 0:05:46]} Rxe2 {[%emt 0:00:23]} 39. Rc1 {[%emt 0:02:05]} Qd5 {[%emt 0:02:29]} 40. Qa7+ {[%emt 0:05:08]} Kg8 {[%emt 0:02:51]} 41. Ra1 {[%emt 0:03:04]} Rb2 {[%emt 0:00:40]} 42. Rf1 {[%emt 0:02:59]} Rb1 {[%emt 0:00:20]} 43. Qa6 {[%emt 0:00:49]} Rxf1+ {[%emt 0:00:06]} 44. Kxf1 {[%emt 0:00:44]} a1=Q+ {[%emt 0:00:08]} 0-1

[Event "Belt Road Women 2019"]
[Site "Shaoxing"]
[Date "2019.07.12"]
[Round "5.14"]
[White "Li, Yunshan"]
[Black "Yan, Tianqi"]
[Result "1-0"]
[WhiteElo "2254"]
[BlackElo "2034"]
[Annotator "ChessBase"]
[PlyCount "69"]
[EventDate "2019.07.08"]
[EventType "swiss"]
[EventCountry "CHN"]
[SourceTitle "playchess.com"]
[Source "ChessBase"]
[SourceQuality "1"]
[TimeControl "5400+30"]

1. d4 {[%emt 0:00:00]} Nf6 {[%emt 0:00:00]} 2. c4 {[%emt 0:00:00]} e6 {[%emt 0:00:00]} 3. Nc3 {[%emt 0:00:00]} Bb4 {[%emt 0:00:00]} 4. Nf3 {[%emt 0:00:00]} O-O {[%emt 0:00:51]} 5. e3 {[%emt 0:00:10]} b6 {[%emt 0:00:29]} 6. Bd2 {[%emt 0:00:12]} Bb7 {[%emt 0:00:34]} 7. Bd3 {[%emt 0:00:22]} d5 {[%emt 0:00:26]} 8. cxd5 {[%emt 0:00:16]} exd5 {[%emt 0:00:18]} 9. Rc1 {[%emt 0:00:12]} a6 {[%emt 0:01:57]} 10. O-O {[%emt 0:00:42]} Bd6 {[%emt 0:01:25]} 11. Ne5 {[%emt 0:00:46]} Ne4 {[%emt 0:06:45]} 12. Be1 {[%emt 0:10:36]} Nd7 {[%emt 0:08:48]} 13. f4 {[%emt 0:04:27]} Qe7 {[%emt 0:14:27]} 14. Qf3 {[%emt 0:03:33]} f5 {[%emt 0:01:46]} 15. Qh3 {[%emt 0:03:20]} Qe8 {[%emt 0:12:22]} 16. Nxe4 {[%emt 0:21:42]} dxe4 {[%emt 0:03:07]} 17. Bc4+ {[%emt 0:01:06]} Kh8 {[%emt 0:00:03]} 18. Be2 {[%emt 0:01:30]} Qe6 {[%emt 0:07:40]} 19. g4 {[%emt 0:04:22]} g6 {[%emt 0:01:29]} 20. gxf5 {[%emt 0:03:37]} gxf5 {[%emt 0:00:11]} 21. Bc4 {[%emt 0:01:06]} Qe8 {[%emt 0:00:59]} 22. Kh1 {[%emt 0:04:43]} c5 {[%emt 0:02:33]} 23. Nxd7 {[%emt 0:14:19]} Qxd7 {[%emt 0:01:34]} 24. dxc5 {[%emt 0:01:14]} Be7 {[%emt 0:00:28]} 25. cxb6 {[%emt 0:02:29]} Bf6 {[%emt 0:00:28]} 26. Bc3 {[%emt 0:01:58]} Bxc3 {[%emt 0:02:03]} 27. Rxc3 {[%emt 0:00:10]} Rf6 {[%emt 0:00:24]} 28. Rc2 {[%emt 0:01:16]} Rxb6 {[%emt 0:04:48]} 29. Rg1 {[%emt 0:01:31]} Rd6 {[%emt 0:00:24]} 30. Rcg2 {[%emt 0:03:21]} Bd5 {[%emt 0:03:18]} 31. Bxd5 {[%emt 0:00:26]} Rxd5 {[%emt 0:00:02]} 32. Qh4 {[%emt 0:00:39]} Qf7 {[%emt 0:13:05]} 33. Rg7 {[%emt 0:00:26]} Qxg7 {[%emt 0:00:40]} 34. Rxg7 {[%emt 0:00:03]} Kxg7 {[%emt 0:00:06]} 35. Qe7+ {[%emt 0:00:04]} 1-0

[Event "Belt Road Women 2019"]
[Site "Shaoxing"]
[Date "2019.07.12"]
[Round "5.15"]
[White "Fominykh, Maria"]
[Black "Du, Yuxin"]
[Result "1/2-1/2"]
[WhiteElo "2243"]
[BlackElo "2015"]
[Annotator "NA"]
[PlyCount "91"]
[EventDate "2019.07.08"]
[EventType "swiss"]
[EventCountry "CHN"]
[SourceTitle "playchess.com"]
[Source "ChessBase"]
[SourceQuality "1"]
[TimeControl "5400+30"]

1. d4 {[%emt 0:00:00]} Nf6 {[%emt 0:00:00]} 2. c4 {[%emt 0:00:00]} e6 {[%emt 0:00:00]} 3. g3 {[%emt 0:00:00]} d5 {[%emt 0:02:39]} 4. Nf3 {[%emt 0:00:58]} Bb4+ {[%emt 0:00:16]} 5. Bd2 {[%emt 0:01:05]} Be7 {[%emt 0:00:08]} 6. Bg2 {[%emt 0:00:48]} O-O {[%emt 0:00:53]} 7. O-O {[%emt 0:00:13]} c6 {[%emt 0:06:41]} 8. Qc2 {[%emt 0:02:20]} Ne4 {[%emt 0:13:45]} 9. Be3 {[%emt 0:01:25]} Nd7 {[%emt 0:02:19]} 10. Ne1 {[%emt 0:05:45]} Nd6 {[%emt 0:01:53]} 11. cxd5 {[%emt 0:07:31]} exd5 {[%emt 0:01:47]} 12. Nc3 {[%emt 0:04:10]} Nf6 {[%emt 0:02:40]} 13. f3 {[%emt 0:10:36]} Bf5 {[%emt 0:02:11]} 14. Qc1 {[%emt 0:00:32]} Re8 {[%emt 0:04:24]} 15. Bf2 {[%emt 0:07:32]} Bf8 {[%emt 0:19:01]} 16. Nc2 {[%emt 0:18:10]} Bg6 {[%emt 0:20:36]} 17. Re1 {[%emt 0:04:53]} Qa5 {[%emt 0:05:52]} 18. a4 {[%emt 0:05:55]} Rac8 {[%emt 0:05:39]} 19. Bh3 {[%emt 0:02:51]} Rcd8 {[%emt 0:00:46]} 20. Bf1 {[%emt 0:03:18]} Qc7 {[%emt 0:02:14]} 21. b3 {[%emt 0:01:42]} b6 {[%emt 0:03:07]} 22. Rd1 {[%emt 0:09:27]} a5 {[%emt 0:01:12]} 23. Ne1 {[%emt 0:00:51]} h6 {[%emt 0:01:52]} 24. Nd3 {[%emt 0:00:51]} Bxd3 {[%emt 0:01:03]} 25. Rxd3 {[%emt 0:00:02]} Qd7 {[%emt 0:00:29]} 26. Rd2 {[%emt 0:07:45]} Nb7 {[%emt 0:00:46]} 27. e3 {[%emt 0:01:24]} g6 {[%emt 0:00:34]} 28. Qc2 {[%emt 0:02:31]} h5 {[%emt 0:00:39]} 29. Re1 {[%emt 0:00:23]} Bh6 {[%emt 0:00:23]} 30. Rdd1 {[%emt 0:00:05]} Nd6 {[%emt 0:00:19]} 31. e4 dxe4 {[%emt 0:00:11]} 32. fxe4 {[%emt 0:01:07]} Ng4 {[%emt 0:00:38]} 33. Bh3 {[%emt 0:00:10]} Qe7 {[%emt 0:00:33]} 34. Bxg4 {[%emt 0:00:09]} hxg4 {[%emt 0:00:04]} 35. e5 {[%emt 0:00:22]} Nf5 {[%emt 0:00:22]} 36. Ne4 {[%emt 0:00:14]} Bg7 {[%emt 0:01:03]} 37. Qxc6 {[%emt 0:00:12]} Qb4 {[%emt 0:00:48]} 38. Qc4 {[%emt 0:00:54]} Qxc4 {[%emt 0:00:36]} 39. bxc4 {[%emt 0:00:02]} Re6 {[%emt 0:00:31]} 40. Rd2 {[%emt 0:03:04]} Rc6 {[%emt 0:00:23]} 41. Rc1 {[%emt 0:00:28]} Bh6 {[%emt 0:00:23]} 42. Rcd1 {[%emt 0:00:37]} Bxd2 {[%emt 0:00:08]} 43. Rxd2 {[%emt 0:00:23]} Rxc4 {[%emt 0:00:27]} 44. Nf6+ {[%emt 0:00:06]} Kg7 {[%emt 0:00:40]} 45. d5 {[%emt 0:00:10]} Rb4 {[%emt 0:00:57]} 46. Kf1 {[%emt 0:01:19]} 1/2-1/2